Polscy zdobywcy Ligi Mistrzów/Pucharu Europy - Statystyki

Ogólne statystyki
  • Ten quiz został rozwiązany 26 razy
  • Średni wynik to 5 z 6
Statystyki odpowiedzi
Hint Odpowiedź % Poprawnych
FC Barcelona, *Bayern Monachium*, Borussia Dortmund, Lech Poznań Robert Lewandowski
100%
Widzew Łódź, *Juventus*, Roma Zbigniew Boniek
95%
West Bromich, *Manchester United*, Watford, Brighton Tomasz Kuszczak
89%
Concordia Knurów, Feyenoord, *Liverpool*, Real Madryt Jerzy Dudek
84%
Dozamet Nowa Sól, Widzew Łódź, *FC Porto* Józef Młynarczyk
68%
Lechia Gdańsk, GKS Katowice,*Bayern Monachium* Sławomir Wojciechowski
16%
Nie znaleziono quizów pasujących do podanych kryteriów
Rozkład punktacji
Procent ludzi z każdym wynikiem
Percentyl według liczby udzielonych odpowiedzi
Twoja historia wyników
Nie rozwiązałeś tego quizu